wiiw FDI Reports (Record no. 7467)
[ view plain ]
| 000 -LEADER | |
|---|---|
| fixed length control field | nas a22 7u 4500 |
| 001 - CONTROL NUMBER | |
| control field | WIIW0000054 |
| 003 - CONTROL NUMBER IDENTIFIER | |
| control field | OSt |
| 005 - DATE AND TIME OF LATEST TRANSACTION | |
| control field | 20171005093717.0 |
| 008 - FIXED-LENGTH DATA ELEMENTS--GENERAL INFORMATION | |
| fixed length control field | 170929c2012999 a ar|m||||||||0| |0eng d |
| 040 ## - CATALOGING SOURCE | |
| Transcribing agency | OSt |
| 041 ## - LANGUAGE CODE | |
| Language code of text/sound track or separate title | eng |
| 110 1# - MAIN ENTRY--CORPORATE NAME | |
| Corporate name or jurisdiction name as entry element | Wiener Institut für Internationale Wirtschaftsvergleiche (wiiw) |
| 9 (RLIN) | 3 |
| 245 ## - TITLE STATEMENT | |
| Title | wiiw FDI Reports |
| 260 ## - PUBLICATION, DISTRIBUTION, ETC. | |
| Place of publication, distribution, etc. | Wien : |
| Name of publisher, distributor, etc. | Wiener Institut für Internationale Wirtschaftsvergleiche (wiiw), |
| Date of publication, distribution, etc. | 2013- |
| 362 ## - DATES OF PUBLICATION AND/OR SEQUENTIAL DESIGNATION | |
| Dates of publication and/or sequential designation | 2013- |
| 363 01 - NORMALIZED DATE AND SEQUENTIAL DESIGNATION | |
| First level of chronology | 2013 |
| 780 00 - PRECEDING ENTRY | |
| Title | wiiw Database on Foreign Direct Investment in Central, East and Southeast Europe |
| Record control number | WIIW0000055 |
| 780 00 - PRECEDING ENTRY | |
| Title | wiiw-WIFO Database |
| 856 40 - ELECTRONIC LOCATION AND ACCESS | |
| Uniform Resource Identifier | <a href="https://wiiw.ac.at/wiiw-fdi-reports-ps-11.html">https://wiiw.ac.at/wiiw-fdi-reports-ps-11.html</a> |
| 942 ## - ADDED ENTRY ELEMENTS (KOHA) | |
| Koha item type | Periodical |
No items available.
